| 000 | 00956 a2200241 4500 | ||
|---|---|---|---|
| 001 | 33081 | ||
| 005 | 20260407155625.0 | ||
| 008 | 260407a1996 arg spa d | ||
| 003 | AR-UNSa-BCEJYS | ||
| 040 |
_aAR-UNSa-BCEJYS _bspa _cAR-UNSa-BCEJYS |
||
| 080 |
_a658 _xAdministración de empresas. Organización comercial |
||
| 245 | 1 | 0 |
_aAdministración general _porganización, planeamiento, control. |
| 020 | _a950-537-372-4 | ||
| 264 | 1 |
_aBuenos Aires : _bEdiciones Macchi _c1996 |
|
| 300 |
_axviii,529 p. _c23 cm. |
||
| 505 | _a1.Que son las empresas y quienes son los empresarios argentinos - 2. Las organizaciones y sus caracteristicas - 3.Cómo se dirigen las organizaciones - 4. El control de gestión - 5. Los manuales - 6. Punto final. | ||
| 942 | _cBK | ||
| 590 | _aniveau_biblio:m niveau_hierar:0 | ||
| 100 | 1 | _aPerel, Vicente L. | |
| 700 | 1 | _aLópez Cascante, Jesús D. | |
| 700 | 1 | _aMessuti, Domingo Jorge | |
| 700 | 1 | _aMagdalena, Fernando | |
| 999 |
_c2330 _d2330 |
||